| Tag |
First Indicator |
Second Indicator |
Subfields |
| LEADER |
00000cam a22000007i 4500 |
| 001 |
in00005774072 |
| 005 |
20260327180727.5 |
| 006 |
m o d |
| 007 |
cr cnu---unuuu |
| 008 |
241207s2025 enk ob 001 0 eng d |
| 040 |
|
|
|a YDX
|b eng
|e rda
|c YDX
|d OPELS
|d OCLCO
|d YDX
|d NZHMA
|
| 020 |
|
|
|a 9780443237379
|q electronic book
|
| 020 |
|
|
|a 0443237379
|q electronic book
|
| 020 |
|
|
|z 9780443237362
|
| 020 |
|
|
|z 0443237360
|
| 035 |
|
|
|a (OCoLC)1473899071
|
| 050 |
|
4 |
|a QK725
|b .G85 2025
|
| 082 |
0 |
4 |
|a 571.3/2
|2 23/eng/20250129
|
| 049 |
|
|
|a TXAM
|
| 245 |
0 |
0 |
|a Guide to plant single-cell technology :
|b functional genomics and crop improvement /
|c edited by Jen-Tsung Chen.
|
| 264 |
|
1 |
|a London ;
|a San Diego, CA :
|b Academic Press,
|c [2025]
|
| 300 |
|
|
|a 1 online resource
|
| 336 |
|
|
|a text
|b txt
|2 rdacontent
|
| 337 |
|
|
|a computer
|b c
|2 rdamedia
|
| 338 |
|
|
|a online resource
|b cr
|2 rdacarrier
|
| 504 |
|
|
|a Includes bibliographical references and index.
|
| 588 |
|
|
|a Description based on online resource; title from digital title page (viewed on March 07, 2025).
|
| 520 |
|
|
|a Guide to Plant Single-Cell Technology: Functional Genomics and Crop Improvement summarizes the current status of single-cell technology in plants involving food and energy crops. Presenting methods and applications of emerging high-throughput technologies performed using the single-cell platform it includes an emphasis on single-cell RNA sequencing and eventually towards single-cell omics, which are highly complementary and effective for profiling the plant cell subject to either environmental factors or pathogenic threats. These technologies can advance the exploration of plant physiology as well as precision crop breeding for future anti-stress and high-yield plants and achieve sustainable agriculture.The book covers crop improvement and breeding strategies involving single-cell technology to produce future stress-tolerant and high-yield plants, which have better performances on growth, and development to achieve enhanced production of foods and biomass.Guide to Plant Single-Cell Technology: Functional Genomics and Crop Improvement will be a valuable reference resource for academics and researchers in plant and crop sciences.
|
| 520 |
|
|
|a Key Features- Focuses on plant molecular profiling using single-cell technology and the integration with functional genomics- Discusses the current methods and challenges of single-cell RNA sequencing in plants- Summarizes the emerging findings of plant single-cell technology- Presents advanced high-throughput technologies for plant omics.
|
| 650 |
|
0 |
|a Plant cells and tissues.
|
| 650 |
|
0 |
|a Plant genetics.
|
| 650 |
|
0 |
|a Genomics.
|
| 650 |
|
6 |
|a Plantes
|x Cellules et tissus.
|
| 650 |
|
6 |
|a Génétique végétale.
|
| 650 |
|
6 |
|a Génomique.
|
| 655 |
|
7 |
|a Electronic books.
|2 local
|
| 700 |
1 |
|
|a Chen, Jen-Tsung,
|e editor.
|
| 710 |
2 |
|
|a ScienceDirect (Online service)
|
| 776 |
0 |
8 |
|c Original
|z 0443237360
|z 9780443237362
|w (OCoLC)1438665644
|
| 856 |
4 |
0 |
|u http://proxy.library.tamu.edu/login?url=https://www.sciencedirect.com/science/book/9780443237362
|z Connect to the full text of this electronic book
|t 0
|
| 955 |
|
|
|a Elsevier ScienceDirect 2026-2027
|
| 994 |
|
|
|a 92
|b TXA
|
| 999 |
f |
f |
|i edb18011-5e24-4781-9032-d871b9def4b1
|s 389231d6-6c26-4754-af0e-6e0c7b9664f5
|t 0
|
| 952 |
f |
f |
|a Texas A&M University
|b College Station
|c Electronic Resources
|s www_evans
|d Available Online
|t 0
|e QK725 .G85 2025
|h Library of Congress classification
|
| 998 |
f |
f |
|a QK725 .G85 2025
|t 0
|l Available Online
|